000 01282nam a2200313 a 4500
001 ebr10218243
003 CaPaEBR
006 m u
007 cr cn|||||||||
008 080916s2006 enk sb 001 0 eng
020 _z1412912792
020 _z1412912806
040 _aCaPaEBR
_cCaPaEBR
035 _a(OCoLC)298788759
050 1 4 _aLB1033.5
_b.S24 2006eb
082 0 4 _a370.14
_222
100 1 _aSage, Rosemary
_q(Rosemary Joy Wysall Beaton)
245 1 0 _aSupporting language and communication
_h[electronic resource] :
_ba guide for school support staff /
_cRosemary Sage.
260 _aLondon ;
_aThousand Oaks, Calif. :
_bPaul Chapman,
_c2006.
300 _ax, 120 p.
490 1 _aSupporting learning professionally
504 _aIncludes bibliographical references (p. 113-116) and index.
533 _aElectronic reproduction.
_bPalo Alto, Calif. :
_cebrary,
_d2013.
_nAvailable via World Wide Web.
_nAccess may be limited to ebrary affiliated libraries.
650 0 _aCommunication in education.
655 7 _aElectronic books.
_2local
710 2 _aebrary, Inc.
830 0 _aSupporting learning professionally.
856 4 0 _uhttp://site.ebrary.com/lib/rucke/Doc?id=10218243
_zAn electronic book accessible through the World Wide Web; click to view
999 _c129979
_d129979